4601-鹿児島市交通局の駅 - Statistics

General Stats
  • This quiz has been taken 56 times
  • The average score is 23 of 39
Answer Stats
本線 % Correct
鹿児島駅前
98%
鹿児島中央駅前
95%
鹿児島中央駅前
95%
谷山
93%
郡元
79%
郡元
79%
唐湊
76%
高見馬場
71%
高見馬場
71%
天文館通
69%
市役所前
69%
南鹿児島駅前
67%
桜島桟橋通
64%
いづろ通
62%
騎射場
60%
宇宿一丁目
60%
水族館口
57%
涙橋
57%
鴨池
55%
朝日通
52%
神田(交通局前)
52%
工学部前
52%
純心学園前
52%
加治屋町
50%
高見橋
50%
二軒茶屋
45%
脇田
45%
都通
45%
武之橋
43%
甲東中学校前
43%
武之橋
43%
笹貫
43%
上塩屋
43%
市立病院前
43%
荒田八幡
40%
中郡
40%
二中通
38%
新屋敷
36%
中洲通
33%
No matching quizzes found
Score Distribution
Percent of People with Each Score
Percentile by Number Answered
Your Score History
You have not taken this quiz